| 000 | 00355nam a2200145Ia 4500 | ||
|---|---|---|---|
| 008 | 200103s9999||||xx |||||||||||||| ||und|| | ||
| 020 | _a0333930959, | ||
| 040 | _aIMU-MPC | ||
| 082 | _aColumn-60 | ||
| 100 | _aRaghuram, G | ||
| 245 | 0 | _aShipping Management: Cases and Concepts | |
| 260 |
_bMacmillan, London _c1998 |
||
| 300 | _axvii, 487 | ||
| 942 | _cBK | ||
| 999 |
_c10906 _d10906 |
||